|
|
|
แสดงรายละเอียดบรรณานุกรม |
|
|
Brief Record
: Get Marc (ISO 2709)
: E-mail record
: |
|
|
| LEADER 01174nam 2200277 a 4500 | |||
| 001 41902 | |||
| 003 ULIBM | |||
| 008 030417s2004 caua sb 001 0 eng | |||
| 020 ^a974-574-010-4 | |||
| 082 ^a616.46 ^bว-ท | |||
| 100 ^aไวกูณฐ์ สถาปนาวัตร | |||
| 245 ^aทำอย่างไรจะไม่ถูกตัดขาเมื่อรู้ว่าเป็นเบาหวาน/^cไวกูณฐ์ สถาปนาวัตร | |||
| 260 ^aกรุงเทพฯ:^bหน้าต่างสู่โลกกว้าง,^c2544 | |||
| 300 ^a108 หน้า : 99 บาท | |||
| 650 ^aโรคเบาหวาน | |||
| 913 ^aImported by ULIBM Administrator | |||
| 949 ^aImport form external file by ULIBM system | |||
| คุณยังไม่ได้ล็อกอิน คุณสามารถมีกิจกรรมร่วมกับเว็บไซต์ได้ แต่ต้องล็อกอินก่อน :: |
|
| สถานะ | |||||||||
| 1. | หนังสือ | 616.46 ว-ท 2004 Barcode: 068084 | ►หนังสือทั่วไป | On Shelf ขอยืม | |||||
| 2. | หนังสือ | 616.46 ว-ท 2004 Barcode: 068085 | ►หนังสือทั่วไป | On Shelf ขอยืม | |||||
| [แสดง 2/2 รายการ] | |||||||||

BibComment |
| คอมเมนท์ทรัพยากรรายการนี้ |
|
|
ห้องสมุดโรงเรียนสามัคคีวิทยาคม
159 ถ.บรรพปราการ ต.เวียง อ.เมือง จ.เชียงราย 57000
โทร. 053-711018 โทรสาร 053-713003